000 00743nam a2200265Ia 4500
003 OSt
005 20220918110129.0
006 a|||||r|||| 00| 0
007 ta
008 220915b |||||||| |||| 00| 0 eng d
024 _a12753
037 _cReference Collections
040 _aARTS
_cARTS
_beng
041 _2eng
_aeng
082 _aMV41.1g, L4(RR)
100 _aDupuy Trevor N
_95934
245 0 _aAlmanac of world military power
250 _a3rd
260 _aNew York
_bR R Bosker
_c1974
300 _axi, 387p. illus maps
500 _aGlossary p. 349-381
650 _aINDUSTRIAL ARTS
942 _hMV41.1g, L4(RR)
_cREF
999 _c111266
_d111266